Practical banking (Record no. 32459)

MARC details
000 -LEADER
fixed length control field 00287nam a2200121Ia 4500
082 ## - DEWEY DECIMAL CLASSIFICATION NUMBER
Classification number 336.71
Item number CHA;1
100 ## - MAIN ENTRY--AUTHOR NAME
Personal name CHAUDHURI, B K
245 #0 - TITLE STATEMENT
Title Practical banking
260 ## - PUBLICATION, DISTRIBUTION, ETC. (IMPRINT)
Place of publication Calcutta
Name of publisher Academic
Year of publication 1979
650 ## - SUBJECT ADDED ENTRY--TOPICAL TERM
Topical Term Banking
942 ## - ADDED ENTRY ELEMENTS (KOHA)
Koha item type Books
Holdings
Withdrawn status Lost status Damaged status Not for loan Home library Current library Date acquired Full call number Accession Number Koha item type
        RRII Library RRII Library 16/12/2021 336.71 CHA;1 12976 Books